000 00251nam a2200097Ia 4500
001 1155589
005 20250827011206.0
008 250824s9999 xx 000 0 und d
245 0 _aHERŞEY VAKTİNİ BEKLER
_cHAKAN MENGÜÇ
260 _bDESTEK YAYINLARI
999 _c1155589
_d1155589